000 01160 a2200241 4500
001 40992
005 20260407155704.0
008 260407a2016 arg spa d
003 AR-UNSa-BCEJYS
040 _aAR-UNSa-BCEJYS
_bspa
_cAR-UNSa-BCEJYS
080 _a330.101
_xCiencia económica en general. La economía y sus problemas. Objeto y métodos de la economía política
245 1 0 _aLa economía de mercado sustentable
_p¿bienestar sin crisis autogeneradas?
020 _a978-987-655-116-8
264 1 _aBahía Blanca :
_bUniversidad Nacional del Sur
_c2016
300 _a237 p.
_c21 cm.
505 _a1. Niveles de desarrollo de la economía y razones para un nuevo sistema económico - 2. Requisitos para un mejor sistema económico - 3. Alternativas para sistemas económicos reales existentes - 4. La economía de mercado sustentable - 5. Instrucciones para operar en la política económica
041 _aspa
942 _cBK
590 _aniveau_biblio:m niveau_hierar:0
100 1 _aWitte, Hermann
700 1 _aDichiara, Raúl Oscar
856 4 1 _uhttps://biblioeco.unsa.edu.ar/pmb/images/libros/L126334.jpg
_yImagen de portada
_qimage/jpeg
999 _c3334
_d3334